LEADER 00947nam a2200253 4500 001 000000330719 003 CaOOAMICUS 005 20181112113055.0 008 181015s1998 it a 000 u ita r 020 $a88-09-21399-8 040 $aSeMil$bita 100 1 $aChini, Matteo.$0(OLS)http://semarc/name/108298 245 10$aKandinskij /$ctesti di Matteo Chini. 264 1$aFirenze :$bGiunti,$c1998. 300 $a63 p. :$bill ;$c31 cm 500 $aCon dedica 600 14$aKandinskij, Vasilij Vasil'evic <1866-1944>.$0(OLS)http://semarc/subject/13961 850 $aSeMil 852 $aSeMil$W1$xVenegono$y1$m5W X 29$j219904$B231573$CSeMilBibl$Z2$F231573 $81 961 $aOmaggio: Passoni don Cristiano 996 $6020$a88-09-21399-8$9(OLS)http://semarc/number/285384 996 $6245$aKandinskij$9(OLS)http://semarc/title/255048 996 $6264$aFirenze :$bGiunti$9(OLS)http://semarc/publisher/30127 LEADER 00615nam a2200181 i 4500 001 000000117403 003 CaOOAMICUS 005 20030812000000.0 008 030812n it u000 u ita u 013 $a90092 040 $aSeMil$bita 245 10$aVolume 1. 300 $aLXXII, 686 p. 773 0 $aFrassinetti, Giuseppe$tOpere ascetiche.$dRoma : Postulazione Generale F.S.M.I., imprimatur 1978.$g1$w()9766 850 $aSeMil 852 $aSeMil$W1$xVenegono$y1$m2C IV 55$j72793$B72793$CSeMilBibl$Z2$F90227 $81 961 $aOmaggio: Martini Card. Carlo Maria 996 $6245$aVolume 1$9(OLS)http://semarc/title/46244